00966 2200469 4500001002100000005001700021006001900038008004100057020001800098035002500116041000700141082001200148090001800160100002400178245002900202260003500231300002200266990000900288990000800297990000800305990000900313990000900322990000900331990000900340990000800349990000800357990000900365990000900374990000900383990000900392990000800401990000800409990000900417990000900426990000900435990000900444990000800453990000800461990000900469990000900478990000900487INLIS00000000000115820140219120828.0a ||| | 180719| ||| | id  a979-28-0342-6 a0010-031300000001158 aid0 a516.183 a516.183 SAE m0 aAbdul Aziz Saefudin00aMengapa Disebut Segitiga aNew YorkbIntan Pariwarac2008 aiv, 68 hal, 21 cm a3320 a883 a884 a3403 a3402 a3401 a3402 a883 a884 a3403 a3320 a3401 a3403 a883 a884 a3402 a3320 a3401 a3401 a883 a884 a3403 a3402 a3320